000 004440000a22001690004500
003 MACL
005 20160106131438.0
008 160106b xxu||||| |||| 00| 0 eng d
040 _aMACL
_cMACL
041 _aEnglish
082 _a829/MUL
100 _aMuller, Max F
_924556
245 _aThree Lectures on the Vedanta Philosophy
260 _bLongman's Green And Co
_c1901
_aBombay
650 _aOld English
_928617
942 _cBK
_k829/MUL
_2ddc
999 _c36949
_d36949